000 00565cab a2200205 4500
001 WB2350-18
008 090401t1987 xxu||||| |||| 00| 0 eng d
035 _a(Sirsi) u72939
041 _aeng
245 _aNew enterprise zone
260 _c1987
350 _a0
490 _aGuardian
_v14 December 1987, 5(1)
520 _aA new enterprise zone is to be established in the district of Inverclyde near Glasgow .
650 _aGREENOCK
650 _aSCOTTISH DEVELOPMENT AGENCY
690 _aPLANNING LAW AND PRACTICE
942 _n0
948 _c04/03/1997
999 _c46107
_d46107